ASOIAF - All known Arryn - Statistics

General Stats
  • This quiz has been taken 144 times
  • The average score is 22 of 43
Answer Stats
M/F Birth Death Father Mother Name Nickname % Correct
M 219 AC 298 AC Arryn ? Jon Keeper of the Gates of the Moon
99%
M 292 AC - Arryn Tully Robert Sweetrobin
93%
F 82 AC 105 AC Arryn Targaryen Aemma Queen
86%
F 97 AC 130 AC Targaryen Arryn Rhaenyra Realm's Delight
77%
M ? ? Arryn ? Robin King of Mountain and Vale
77%
M 105 AC 105 AC Targaryen Arryn Baelon Heir for a Day
76%
F 94 AC 134 AC Arryn ? Jeyne Maiden of the Vale
73%
M 44 AC ? Arryn ? Rodrik Lord Justiciar
66%
F ? ? Arryn ? Alys Lady
62%
F ? ? Arryn ? Alys Lady Waynwood
62%
M ? 217 AC Targaryen Arryn Aelor Prince
54%
F ? ? Targaryen Arryn Aelora Princess
54%
F ? ? Arryn ? Amanda -
54%
M ? ? Arryn ? Artys Falcon Knight
53%
F ? ? Targaryen Arryn Daenora Princess
51%
M 208 AC 272 AC Arryn ? Jasper Warden of the East
51%
M ? ? Waynwood Arryn Jasper -
51%
M 109 AC ? Arryn ? Joffrey Knight of the Gate
51%
M ? 37 AC ? Arryn Ronnel King who Flew
51%
M 220 AC ? Arryn ? Ronnel Keeper of the Gates of the Moon
51%
F 61 AC ? Arryn ? Elys -
50%
F 37 BC ? Arryn ? Sharra Flower of the Mountain
48%
F ? ? Arryn ? Alyssa -
47%
M ? ? Arryn ? Donnel Warden of the East
47%
F ? 282 AC Arryn ? Rowena Lady of the Eyrie
46%
M 107 AC 136 AC Arryn ? Arnold Mad Heir
44%
M 235 AC 282 AC Arryn Belmore Elbert Heir of the Vale
44%
M 16 BC 37 AC ? Arryn Jonos Kingslayer
44%
M 31 AC 54 AC Arryn ? Darnold Warden of the East
43%
M ? ? Arryn ? Hugh Fat
43%
M ? ? Arryn ? Roland King of Mountain and Vale
43%
M ? ? Arryn ? Roland King of Mountain and Vale
43%
M ? 283 AC Arryn ? Denys Darling of the Vale
40%
M 119 AC 134 AC Arryn ? Eldric Ser
40%
M 20 AC ? Arryn ? Hubert Warden of the East
40%
M 32 AC 54 AC Arryn ? Rymond Ser
40%
M ? ? Arryn ? Hugo Hopeful
39%
M ? ? Arryn ? Osgood Old Falcon
38%
M ? ? Arryn ? Oswin Talon
37%
M ? ? Arryn ? Oswell King of Mountain and Vale
36%
M ? ? Arryn ? Mathos King of Mountain and Vale
35%
M ? ? Arryn ? Osric King of Mountain and Vale
35%
M ? ? Arryn ? Alester King of Mountain and Vale
34%
No matching quizzes found
Score Distribution
Percent of People with Each Score
Percentile by Number Answered
Your Score History
You have not taken this quiz